004570000a220010900045001000019000002450147000193000052001667730014002189420008002329520090002409990017003301 aNeira, Armando10aEl perseguido :Prisionero en su casa por las amenazas de muerte, Fabio Ospina Giraldo se erige en símbolo de la lucha contra la corrupción aVol. 44, Num. 44 (Abril, 1994), Páginas 14-190 tCambio 16 cANA 001040708HEMaFUSBCbFUSBCd2016-01-26l0o r2016-01-26 00:00:00w2016-01-26yANA c58420d58420